The little data book on external debt. (Record no. 8969)

MARC details
000 -LEADER
fixed length control field 03023cas a2200685 a 4500
001 - CONTROL NUMBER
control field 15899030
003 - CONTROL NUMBER IDENTIFIER
control field OSt
005 - DATE AND TIME OF LATEST TRANSACTION
control field 20240627101113.0
008 - FIXED-LENGTH DATA ELEMENTS--GENERAL INFORMATION
fixed length control field 090909c20079999dcuar s i0 0eng c
010 ## - LIBRARY OF CONGRESS CONTROL NUMBER
LC control number 2007237255
016 7# - NATIONAL BIBLIOGRAPHIC AGENCY CONTROL NUMBER
Record control number 987907905
Source DE-101
016 7# - NATIONAL BIBLIOGRAPHIC AGENCY CONTROL NUMBER
Record control number 2415580-9
Source DE-600
016 7# - NATIONAL BIBLIOGRAPHIC AGENCY CONTROL NUMBER
Record control number 014631664
Source Uk
016 ## - NATIONAL BIBLIOGRAPHIC AGENCY CONTROL NUMBER
Record control number 014631664
020 ## - INTERNATIONAL STANDARD BOOK NUMBER
International Standard Book Number 9780821374016
035 ## - SYSTEM CONTROL NUMBER
System control number (OCoLC)ocn154353010
040 ## - CATALOGING SOURCE
Transcribing agency must
042 ## - AUTHENTICATION CODE
Authentication code pcc
043 ## - GEOGRAPHIC AREA CODE
Geographic area code d------
082 ## - DEWEY DECIMAL CLASSIFICATION NUMBER
Classification number 336.3435 LIT 2008
245 04 - TITLE STATEMENT
Title The little data book on external debt.
260 ## - PUBLICATION, DISTRIBUTION, ETC. (IMPRINT)
Place of publication, distribution, etc. Washington, D.C. :
Name of publisher, distributor, etc. World Bank,
Date of publication, distribution, etc. ©2007-
300 ## - PHYSICAL DESCRIPTION
Extent vi,152p.:
Dimensions 22cm.
310 ## - CURRENT PUBLICATION FREQUENCY
Current publication frequency Annual
336 ## - CONTENT TYPE
Content type term text
Content type code txt
Source rdacontent
337 ## - MEDIA TYPE
Media type term unmediated
Media type code n
Source rdamedia
362 1# - DATES OF PUBLICATION AND/OR SEQUENTIAL DESIGNATION
Dates of publication and/or sequential designation Began with: 2007.
530 ## - ADDITIONAL PHYSICAL FORM AVAILABLE NOTE
Additional physical form available note Also issued online.
550 ## - ISSUING BODY NOTE
Issuing body note Issued by the Development Data Group of the Development Economics Vice Presidency of the World Bank.
580 ## - LINKING ENTRY COMPLEXITY NOTE
Linking entry complexity note A pocket edition of: Global development finance. Vol. 2, Summary and country tables, 2007-
588 ## - SOURCE OF DESCRIPTION NOTE
Source of description note Description based on: 2007; title from title page.
588 ## - SOURCE OF DESCRIPTION NOTE
Source of description note Latest issue consulted: 2009.
650 #0 - SUBJECT ADDED ENTRY--TOPICAL TERM
Topical term or geographic name as entry element Debts, External
Geographic subdivision Developing countries
Form subdivision Statistics
-- Periodicals.
9 (RLIN) 18171
650 #0 - SUBJECT ADDED ENTRY--TOPICAL TERM
Topical term or geographic name as entry element Finance
Geographic subdivision Developing countries
Form subdivision Statistics
-- Periodicals.
9 (RLIN) 18173
650 #0 - SUBJECT ADDED ENTRY--TOPICAL TERM
Topical term or geographic name as entry element International finance
Form subdivision Statistics
-- Periodicals.
9 (RLIN) 18174
650 #7 - SUBJECT ADDED ENTRY--TOPICAL TERM
Topical term or geographic name as entry element Debts, External.
Source of heading or term fast
Authority record control number (OCoLC)fst00888828
9 (RLIN) 18176
650 #7 - SUBJECT ADDED ENTRY--TOPICAL TERM
Topical term or geographic name as entry element Finance.
Source of heading or term fast
Authority record control number (OCoLC)fst00924349
9 (RLIN) 5401
650 #7 - SUBJECT ADDED ENTRY--TOPICAL TERM
Topical term or geographic name as entry element International finance.
Source of heading or term fast
Authority record control number (OCoLC)fst00976945
9 (RLIN) 1014
650 #7 - SUBJECT ADDED ENTRY--TOPICAL TERM
Topical term or geographic name as entry element Statsskuld
Geographic subdivision U-länder
Form subdivision statistik
-- periodika.
Source of heading or term sao
9 (RLIN) 18179
650 #7 - SUBJECT ADDED ENTRY--TOPICAL TERM
Topical term or geographic name as entry element Statsfinanser
Geographic subdivision U-länder
Form subdivision statistik
-- periodika.
Source of heading or term sao
9 (RLIN) 18180
650 #7 - SUBJECT ADDED ENTRY--TOPICAL TERM
Topical term or geographic name as entry element Auslandsverschuldung.
Source of heading or term stw
9 (RLIN) 18181
650 #7 - SUBJECT ADDED ENTRY--TOPICAL TERM
Topical term or geographic name as entry element Welt.
Source of heading or term stw
9 (RLIN) 18182
651 #7 - SUBJECT ADDED ENTRY--GEOGRAPHIC NAME
Geographic name Developing countries.
Source of heading or term fast
Authority record control number (OCoLC)fst01242969
9 (RLIN) 1667
655 #7 - INDEX TERM--GENRE/FORM
Genre/form data or focus term Periodicals.
Source of term fast
Authority record control number (OCoLC)fst01411641
9 (RLIN) 8736
655 #7 - INDEX TERM--GENRE/FORM
Genre/form data or focus term Statistics.
Source of term fast
Authority record control number (OCoLC)fst01423727
9 (RLIN) 18183
655 #7 - INDEX TERM--GENRE/FORM
Genre/form data or focus term Periodicals.
Source of term lcgft
Authority record control number http://id.loc.gov/authorities/genreForms/gf2014026139
-- (uri) http://id.loc.gov/authorities/genreForms/gf2014026139
9 (RLIN) 8736
655 #7 - INDEX TERM--GENRE/FORM
Genre/form data or focus term Statistics.
Source of term lcgft
Authority record control number http://id.loc.gov/authorities/genreForms/gf2014026181
-- (uri) http://id.loc.gov/authorities/genreForms/gf2014026181
9 (RLIN) 18184
710 2# - ADDED ENTRY--CORPORATE NAME
Corporate name or jurisdiction name as entry element World Bank.
Subordinate unit Development Data Group.
9 (RLIN) 18185
710 2# - ADDED ENTRY--CORPORATE NAME
Corporate name or jurisdiction name as entry element World Bank.
9 (RLIN) 955
730 0# - ADDED ENTRY--UNIFORM TITLE
Uniform title Global development finance.
9 (RLIN) 18186
776 08 - ADDITIONAL PHYSICAL FORM ENTRY
Relationship information Online version:
Title Little data book on external debt
Record control number (OCoLC)978256384
780 00 - PRECEDING ENTRY
Title Little book on external debt
International Standard Serial Number 1934-595X
Record control number (DLC) 2006242083
-- (OCoLC)68941495
787 1# - OTHER RELATIONSHIP ENTRY
Title Global development finance
International Standard Serial Number 1020-5454
Record control number (DLC) 97660616
-- (OCoLC)36661599
906 ## - LOCAL DATA ELEMENT F, LDF (RLIN)
a 0
b ibc
c serials
d 2
e ncip
f 20
g z-ilsserca
942 ## - ADDED ENTRY ELEMENTS (KOHA)
Source of classification or shelving scheme Dewey Decimal Classification
Koha item type Open Shelf
Holdings
Withdrawn status Lost status Source of classification or shelving scheme Damaged status Not for loan Home library Current library Source of acquisition Inventory number Total Checkouts Full call number Barcode Date last seen Koha item type Date acquired Price effective from
    Dewey Decimal Classification     MUST Main Library MUST Main Library Donation 08/30935   336.3435 LIT 2008 2024-21492 27/06/2024 Open Shelf    
    Dewey Decimal Classification     MUST Main Library MUST Main Library Donation 14/38738   336.3435 LIT 2008 2024-21823 08/07/2024 Open Shelf    
    Dewey Decimal Classification     MUST Main Library MUST Main Library purchase 08/30936   336.3435 LIT 2008 2024-21900 10/07/2024 Open Shelf 10/07/2024 10/07/2024